00297 a2200109 4500001000700000020000600007040001100013100003300024240006300057245005800120362000900178177269 a  cMagnum aRocha, Denise Michaloskey da10aProduzindo leitura e escrita/v.1 - livro do professorlpor10aProduzindo leitura e escrita/v.1 - livro do professor0 a1899